[Event "Palma de Mallorca op"]
[Site "Palma de Mallorca"]
[Date "2021.11.27"]
[Round "6"]
[White "Fernandez Lozano, Francesco"]
[Black "Ruiz Vinals, Matias"]
[Result "1/2-1/2"]
[WhiteElo "1992"]
[BlackElo "1928"]
[PlyCount "75"]
[EventDate "2021.11.22"]
[EventType "swiss"]
[EventRounds "7"]
[EventCountry "ESP"]
[SourceTitle "CBM 205 Extra"]
[Source "ChessBase"]
[SourceDate "2022.01.31"]
[SourceVersion "1"]
[SourceVersionDate "2022.01.31"]
[SourceQuality "1"]

1. e4 e5 2. f4 exf4 3. Bc4 Qh4+ 4. Kf1 Nc6 5. d4 Nf6 6. Nf3 Qh6 7. Nc3 d6 8. a3 Bg4 9. Bb5 Bd7 10. d5 Ne5 11. Bxd7+ Nexd7 12. Qd4 a6 13. Bd2 Be7 14. Re1 Ng4 15. Qg1 0-0 16. h3 Nge5 17. Nd4 Nc4 18. Bc1 Ne3+ 19. Bxe3 fxe3 20. Rxe3 g6 21. Ke2 Rae8 22. Kd1 Nc5 23. g4 Bf6 24. Re2 Qg7 25. Rd2 Nxe4 26. Nxe4 Rxe4 27. c3 Rfe8 28. Qf2 Bg5 29. Re2 Rxe2 30. Nxe2 Qe5 31. Qf3 c6 32. dxc6 bxc6 33. Rf1 f6 34. Qd3 Qb5 35. Qxb5 axb5 36. Rf3 Re3 37. Nd4 Rxf3 38. Nxf3 1/2-1/2

[Event "Palma de Mallorca op"]
[Site "Palma de Mallorca"]
[Date "2021.11.23"]
[Round "2"]
[White "Parra Becerra, Edgar Andre"]
[Black "Ruiz Vinals, Matias"]
[Result "1-0"]
[WhiteElo "2150"]
[BlackElo "1928"]
[PlyCount "27"]
[EventDate "2021.11.22"]
[EventType "swiss"]
[EventRounds "7"]
[EventCountry "ESP"]
[SourceTitle "CBM 205 Extra"]
[Source "ChessBase"]
[SourceDate "2022.01.31"]
[SourceVersion "1"]
[SourceVersionDate "2022.01.31"]
[SourceQuality "1"]

1. d4 Nf6 2. c4 e6 3. Nc3 Bb4 4. g3 d5 5. Bg2 dxc4 6. Qa4+ Nc6 7. Bxc6+ bxc6 8. Qxb4 Qxd4 9. Nf3 Qg4 10. h3 Qh5 11. g4 Nxg4 12. Qxc4 Ne5 13. Nxe5 Qxe5 14. Qxc6+ 1-0

[Event "Calvia Amateur op 17th"]
[Site "Calvia"]
[Date "2020.10.17"]
[Round "8"]
[White "Villar Reymundo, Juan Antonio"]
[Black "Ruiz Vinals, Matias"]
[Result "1/2-1/2"]
[WhiteElo "2157"]
[BlackElo "1977"]
[PlyCount "119"]
[EventDate "2020.10.10"]
[EventType "swiss"]
[EventRounds "9"]
[EventCountry "ESP"]
[SourceTitle "CBM 198 Extra"]
[Source "ChessBase"]
[SourceDate "2020.11.30"]
[SourceVersion "1"]
[SourceVersionDate "2020.11.30"]
[SourceQuality "1"]

1. d4 Nf6 2. Nf3 d5 3. c4 e6 4. g3 Bb4+ 5. Nc3 0-0 6. Bg2 c6 7. Qb3 Be7 8. 0-0 b6 9. Bf4 Nbd7 10. cxd5 Nxd5 11. Bd2 Bb7 12. e4 Nxc3 13. bxc3 Nf6 14. Rfe1 c5 15. Qb1 cxd4 16. cxd4 Rc8 17. Qd3 Qc7 18. Rac1 Qb8 19. Ne5 Rfd8 20. Qe3 Qa8 21. f3 Nd7 22. Nc4 Ba6 23. Qb3 Nb8 24. Be3 Bf6 25. Ne5 h6 26. Rxc8 Rxc8 27. Rc1 Nc6 28. Nxc6 Rxc6 29. e5 Be7 30. Rxc6 Qxc6 31. f4 Qc4 32. Qb2 Bb4 33. Qb3 Bc3 34. Qxc4 Bxc4 35. a4 b5 36. axb5 Bxb5 37. d5 exd5 38. Bxd5 a5 39. Bc5 Bb4 40. Bxb4 axb4 41. Bb3 Bd7 42. Kf2 Kf8 43. Kf3 Ke7 44. g4 f6 45. exf6+ Kxf6 46. h4 Be6 47. Bc2 Ke7 48. f5 Bd5+ 49. Be4 Bxe4+ 50. Kxe4 Kd6 51. g5 h5 52. Kd4 b3 53. Kc3 Ke5 54. f6 gxf6 55. gxf6 Kxf6 56. Kxb3 Kf5 57. Kc2 Kg4 58. Kd2 Kxh4 59. Ke2 Kg3 60. Kf1 1/2-1/2

[Event "Calvia Amateur op 17th"]
[Site "Calvia"]
[Date "2020.10.16"]
[Round "7"]
[White "Navarrete Terrasa, Antonio"]
[Black "Ruiz Vinals, Matias"]
[Result "1/2-1/2"]
[WhiteElo "1871"]
[BlackElo "1977"]
[PlyCount "116"]
[EventDate "2020.10.10"]
[EventType "swiss"]
[EventRounds "9"]
[EventCountry "ESP"]
[SourceTitle "CBM 198 Extra"]
[Source "ChessBase"]
[SourceDate "2020.11.30"]
[SourceVersion "1"]
[SourceVersionDate "2020.11.30"]
[SourceQuality "1"]

1. e4 e5 2. Nf3 Nc6 3. Bc4 Nf6 4. d3 Bc5 5. 0-0 d6 6. c3 a6 7. h3 Ba7 8. Bb3 Qe7 9. Re1 Be6 10. Nbd2 0-0-0 11. Bxe6+ Qxe6 12. Nf1 d5 13. exd5 Rxd5 14. d4 e4 15. Ng5 Qf5 16. Ng3 Qg6 17. N5xe4 Nxd4 18. Nxf6 gxf6 19. cxd4 Bxd4 20. Qb3 Rb5 21. Qf3 Rg8 22. Be3 Bxb2 23. Rab1 h5 24. Qe4 f5 25. Nxf5 Re5 26. Ne7+ Rxe7 27. Qxg6 fxg6 28. Rxb2 Rge8 29. Rd1 b6 30. Rc1 Kb7 31. Rd2 Rc8 32. Rcd1 a5 33. Kf1 Ka6 34. Ke2 Re6 35. Kd3 Kb5 36. Kc3 c5 37. a4+ Kc6 38. Kb3 Rf8 39. Rd3 Rff6 40. Rd7 Re4 41. R7d2 Rfe6 42. Rc2 Rb4+ 43. Ka3 Ree4 44. Rc3 Rxa4+ 45. Kb2 Re6 46. g3 Rae4 47. h4 R4e5 48. Rdc1 Rf5 49. R1c2 Rd6 50. Bf4 Rdd5 51. Re3 Rf6 52. Rce2 Rdf5 53. Re5 Rxe5 54. Rxe5 Kb5 55. Rd5 Kc6 56. Rd8 Re6 57. Be3 Kb5 58. Kb3 Kc6 1/2-1/2

[Event "Calvia Amateur op 17th"]
[Site "Calvia"]
[Date "2020.10.12"]
[Round "3"]
[White "Ruiz Vinals, Matias"]
[Black "Dominguez Martinez, Nicolas"]
[Result "1-0"]
[WhiteElo "1977"]
[BlackElo "1631"]
[PlyCount "42"]
[EventDate "2020.10.10"]
[EventType "swiss"]
[EventRounds "9"]
[EventCountry "ESP"]
[SourceTitle "CBM 198 Extra"]
[Source "ChessBase"]
[SourceDate "2020.11.30"]
[SourceVersion "1"]
[SourceVersionDate "2020.11.30"]
[SourceQuality "1"]

1. d4 Nf6 2. c4 c5 3. d5 b5 4. cxb5 a6 5. bxa6 g6 6. Nc3 Bxa6 7. e4 d6 8. Qa4+ Qd7 9. Bb5 Bxb5 10. Qxa8 Qc8 11. Nxb5 Nxe4 12. Qa4 Nf6 13. Nxd6+ Kd8 14. Nxc8 Kxc8 15. Bf4 Bg7 16. Bxb8 Kxb8 17. Qb5+ Kc7 18. Qxc5+ Kd7 19. Qc6+ Kd8 20. Rc1 e6 21. d6 Nd5 1-0

[Event "Campos Migjorn op"]
[Site "Campos"]
[Date "2019.09.13"]
[Round "3"]
[White "Ruiz Vinals, Matias"]
[Black "Ramis Sebastia, Jordi Salvador"]
[Result "0-1"]
[WhiteElo "1986"]
[BlackElo "1508"]
[PlyCount "38"]
[EventDate "2019.09.06"]
[EventType "swiss"]
[EventRounds "8"]
[EventCountry "ESP"]
[SourceTitle "EXT 2020"]
[Source "ChessBase"]
[SourceDate "2019.10.17"]
[SourceVersion "1"]
[SourceVersionDate "2019.10.17"]
[SourceQuality "1"]

1. d4 c5 2. d5 e5 3. Nc3 d6 4. Nf3 Nf6 5. e4 g6 6. Bg5 Bg7 7. Bd3 0-0 8. Qd2 a6 9. a4 Bg4 10. h4 h5 11. Nh2 Qa5 12. Bxf6 Bxf6 13. Nxg4 hxg4 14. h5 Qd8 15. hxg6 Bg5 16. Qd1 fxg6 17. Qxg4 Qf6 18. Qh3 Qxf2+ 19. Kd1 Qd2# 0-1

[Event "Campos Migjorn op"]
[Site "Campos"]
[Date "2019.09.06"]
[Round "1"]
[White "Oliver Gari, Jorge"]
[Black "Ruiz Vinals, Matias"]
[Result "0-1"]
[WhiteElo "1561"]
[BlackElo "1986"]
[PlyCount "27"]
[EventDate "2019.09.06"]
[EventType "swiss"]
[EventRounds "8"]
[EventCountry "ESP"]
[SourceTitle "EXT 2020"]
[Source "ChessBase"]
[SourceDate "2019.10.17"]
[SourceVersion "1"]
[SourceVersionDate "2019.10.17"]
[SourceQuality "1"]

1. d4 d6 2. f4 g6 3. e3 Bg7 4. c3 Nf6 5. Bd3 0-0 6. Nd2 e5 7. Ne2 Re8 8. 0-0 Ng4 9. Ne4 d5 10. N4g3 exd4 11. exd4 Qh4 12. h3 Ne3 13. Bxe3 Rxe3 14. f5 0-1

[Event "Mallorca-ch Preferente"]
[Site "Palma"]
[Date "2017.12.03"]
[Round "2.3"]
[White "Ruiz Vinals, Matias"]
[Black "Ballesteros Gonzalez, David"]
[Result "0-1"]
[WhiteElo "2028"]
[BlackElo "2152"]
[PlyCount "115"]
[EventDate "2017.12.02"]
[EventType "swiss"]
[EventRounds "6"]
[EventCountry "ESP"]
[SourceTitle "EXT 2024"]
[Source "ChessBase"]
[SourceDate "2023.10.10"]
[SourceVersion "1"]
[SourceVersionDate "2023.10.10"]
[SourceQuality "1"]

1. d4 Nf6 2. c4 g6 3. Nc3 Bg7 4. Nf3 0-0 5. e4 d6 6. Be2 e5 7. dxe5 dxe5 8. Qxd8 Rxd8 9. Bg5 Re8 10. 0-0-0 Na6 11. Ne1 Nc5 12. f3 c6 13. Nc2 Ne6 14. Be3 Nh5 15. g3 f5 16. c5 f4 17. Bf2 Bf8 18. b4 a5 19. a3 axb4 20. axb4 Nf6 21. Kb2 Bg7 22. Bc4 Kh8 23. Bb3 Ng5 24. Rd3 Nh3 25. Rf1 Be6 26. Be1 Bxb3 27. Kxb3 Rad8 28. Rxd8 Rxd8 29. Na4 Ng5 30. Bc3 fxg3 31. hxg3 Nh5 32. g4 Nf4 33. Nb6 Rd3 34. Ne1 Rd8 35. Nc4 Nf7 36. Rf2 h5 37. Ng2 Kh7 38. Nh4 Nd3 39. Rh2 Bf6 40. gxh5 gxh5 41. Nf5 Kg6 42. Ncd6 Nxd6 43. Nxd6 Rd7 44. Kc4 Nf4 45. b5 h4 46. Be1 Rh7 47. Nf5 h3 48. Bg3 Ne6 49. Rd2 Ng5 50. Nh4+ Rxh4 51. Bxh4 Nxf3 52. Rd3 h2 53. Rxf3 h1Q 54. Rxf6+ Kg7 55. bxc6 Qxe4+ 56. Kb5 bxc6+ 57. Rxc6 Qxh4 58. Rd6 0-1

[Event "Calvia Amateur op 14th"]
[Site "Calvia"]
[Date "2017.10.11"]
[Round "5"]
[White "Ruiz Vinals, Matias"]
[Black "Moreno Mateos, Jose Luis"]
[Result "1-0"]
[WhiteElo "1991"]
[BlackElo "1855"]
[PlyCount "81"]
[EventDate "2017.10.07"]
[EventType "swiss"]
[EventRounds "9"]
[EventCountry "ESP"]
[SourceTitle "CBM 181 Extra"]
[Source "ChessBase"]
[SourceDate "2017.12.12"]
[SourceVersion "1"]
[SourceVersionDate "2017.12.12"]
[SourceQuality "1"]

1. d4 Nf6 2. c4 e6 3. Nc3 Bb4 4. e3 d5 5. Nf3 0-0 6. Bd3 c5 7. 0-0 b6 8. a3 Bxc3 9. bxc3 Ba6 10. cxd5 Bxd3 11. Qxd3 exd5 12. a4 c4 13. Qc2 Ne4 14. Nd2 Nxd2 15. Bxd2 Re8 16. f3 Qh4 17. Rae1 Nd7 18. e4 dxe4 19. fxe4 Nf6 20. Rf4 Qh5 21. Rf5 Qg4 22. e5 Nd5 23. Ref1 Re7 24. Bg5 f6 25. h3 Qg3 26. exf6 gxf6 27. Bf4 Qxc3 28. Qxc3 Nxc3 29. Rxf6 Ne2+ 30. Kh2 Rc8 31. Bh6 Ree8 32. Rf7 Nxd4 33. Rg7+ Kh8 34. Rxa7 Ne6 35. Rb7 c3 36. Rxb6 c2 37. a5 Nc5 38. a6 Re7 39. Rc1 Rec7 40. Rxc2 Nxa6 41. Rxc7 1-0

[Event "Santa Margalida Mallorca-ch"]
[Site "Santa Margalida"]
[Date "2016.11.19"]
[Round "4"]
[White "Ruiz Vinals, Matias"]
[Black "Llabres Coll, Juan"]
[Result "1-0"]
[WhiteElo "1963"]
[BlackElo "1610"]
[PlyCount "53"]
[EventDate "2016.11.11"]
[EventType "swiss"]
[EventRounds "8"]
[EventCountry "ESP"]
[SourceTitle "EXT 2018"]
[Source "ChessBase"]
[SourceDate "2017.10.13"]
[SourceVersion "1"]
[SourceVersionDate "2017.10.13"]
[SourceQuality "1"]

1. d4 Nf6 2. c4 g6 3. Nc3 Bg7 4. e4 d6 5. Be2 0-0 6. Be3 Nc6 7. h3 e5 8. d5 Ne7 9. f4 c6 10. Nf3 cxd5 11. cxd5 a6 12. Qb3 b5 13. Nd2 Bb7 14. a4 Qa5 15. 0-0 Qd8 16. axb5 a5 17. Nc4 a4 18. Rxa4 Rxa4 19. Qxa4 Nc8 20. Na5 Qd7 21. Nxb7 Qxb7 22. Qa6 Qb8 23. b6 Nd7 24. b7 Ne7 25. Rc1 f5 26. Nb5 Rf6 27. Rc8+ 1-0

[Event "Palma de Mallorca Arenal op"]
[Site "Palma de Mallorca"]
[Date "2016.10.22"]
[Round "4"]
[White "Aguilo Pons, Francesc"]
[Black "Ruiz Vinals, Matias"]
[Result "0-1"]
[WhiteElo "1899"]
[BlackElo "1983"]
[PlyCount "76"]
[EventDate "2016.10.20"]
[EventType "swiss"]
[EventRounds "7"]
[EventCountry "ESP"]
[SourceTitle "EXT 2018"]
[Source "ChessBase"]
[SourceDate "2017.10.13"]
[SourceVersion "1"]
[SourceVersionDate "2017.10.13"]
[SourceQuality "1"]

1. e4 c5 2. Nf3 d6 3. c4 g6 4. d4 cxd4 5. Nxd4 Bg7 6. Be3 Nc6 7. Nc3 Nf6 8. Be2 0-0 9. 0-0 Bd7 10. f4 Rc8 11. Nxc6 Bxc6 12. Bf3 a6 13. Qd3 Qa5 14. a3 b5 15. c5 Rfd8 16. Qe2 d5 17. b4 Qc7 18. exd5 Nxd5 19. Nxd5 Bxd5 20. Bxd5 Bxa1 21. Bxf7+ Kxf7 22. Rxa1 Qc6 23. Re1 Qd5 24. f5 Rc6 25. Bg5 Re8 26. Bxe7 Rf6 27. Qe3 gxf5 28. Qh3 Kg8 29. Qe3 Rg6 30. Qh3 Qf7 31. Bh4 Rxe1+ 32. Bxe1 Qd5 33. Bc3 Qd1+ 34. Kf2 Qg4 35. Qxg4 Rxg4 36. h3 Rc4 37. Be5 Kf7 38. Ke2 Re4+ 0-1

[Event "Palmanova Blau Escacs op 1st"]
[Site "Palmanova"]
[Date "2015.04.13"]
[Round "3"]
[White "Scholl, Alois"]
[Black "Ruiz Vinals, Matias"]
[Result "0-1"]
[WhiteElo "1700"]
[BlackElo "2014"]
[PlyCount "70"]
[EventDate "2015.04.11"]
[EventType "swiss"]
[EventRounds "9"]
[EventCountry "ESP"]
[SourceTitle "CBM 166 Extra"]
[Source "ChessBase"]
[SourceDate "2015.06.18"]
[SourceVersion "1"]
[SourceVersionDate "2015.06.18"]
[SourceQuality "1"]

1. Nf3 d5 2. b3 Nf6 3. Bb2 Bg4 4. e3 e6 5. Bb5+ c6 6. Be2 Bd6 7. d3 Qc7 8. Nbd2 Nbd7 9. h3 Bxf3 10. Nxf3 Qa5+ 11. Qd2 Bb4 12. c3 Bd6 13. 0-0 0-0 14. a4 Rfe8 15. b4 Qd8 16. Nh2 e5 17. Rad1 e4 18. d4 Bc7 19. Qe1 Nf8 20. c4 Qd6 21. g3 Ng6 22. c5 Qd7 23. Kg2 h6 24. Rb1 Nh7 25. h4 Ngf8 26. Bc1 g5 27. h5 f5 28. b5 Ne6 29. g4 f4 30. Kh3 f3 31. bxc6 bxc6 32. Ba6 Rab8 33. Bd2 Bxh2 34. Kxh2 Nc7 35. Bb7 Qxg4 0-1

[Event "Mallorca-chT Preferente"]
[Site "Palma de Mallorca"]
[Date "2012.03.24"]
[Round "8.2"]
[White "Asensio Ferrari, Enrique"]
[Black "Ruiz Vinals, Matias"]
[Result "1/2-1/2"]
[WhiteElo "2190"]
[BlackElo "2064"]
[PlyCount "81"]
[EventDate "2012.01.28"]
[EventType "team"]
[EventRounds "9"]
[EventCountry "ESP"]
[SourceTitle "EXT 2014"]
[Source "ChessBase"]
[SourceDate "2013.11.20"]
[SourceVersion "1"]
[SourceVersionDate "2013.11.20"]
[SourceQuality "1"]
[WhiteTeam "Agora Megaescacs"]
[BlackTeam "Dimonis Algaida"]
[WhiteTeamCountry "ESP"]
[BlackTeamCountry "ESP"]

1. d4 d5 2. c4 e6 3. Nf3 Nf6 4. g3 b6 5. Bg2 Bb7 6. Ne5 Bb4+ 7. Bd2 Bxd2+ 8. Nxd2 0-0 9. 0-0 Nbd7 10. Nxd7 Qxd7 11. Rc1 Rac8 12. b4 c5 13. bxc5 bxc5 14. dxc5 Rxc5 15. cxd5 Rxc1 16. Qxc1 Bxd5 17. Bxd5 Qxd5 18. Nb3 Rd8 19. Qc7 h5 20. h4 Rd7 21. Qc8+ Kh7 22. Rc1 Ne4 23. Nc5 Nxc5 24. Rxc5 Qd1+ 25. Kg2 Rd5 26. Rc2 Qe1 27. Qc3 Qb1 28. Qb2 Qe1 29. Qc3 Qxc3 30. Rxc3 Kg6 31. Ra3 a5 32. Ra4 Kf6 33. Kf3 Ke7 34. e4 Rc5 35. Ke3 Kd6 36. Rd4+ Kc7 37. Kd3 e5 38. Rc4 Kb6 39. Rxc5 Kxc5 40. Kc3 f6 41. f3 1/2-1/2

[Event "ESP-ch 74th"]
[Site "Palma de Mallorca"]
[Date "2009.10.03"]
[Round "8"]
[White "Aguilo Pons, Francesc"]
[Black "Ruiz Vinals, Matias"]
[Result "0-1"]
[WhiteElo "1899"]
[BlackElo "2101"]
[PlyCount "62"]
[EventDate "2009.09.26"]
[EventType "swiss"]
[EventRounds "9"]
[EventCountry "ESP"]
[SourceTitle "CBM 132 Extra"]
[Source "ChessBase"]
[SourceDate "2009.11.03"]
[SourceVersion "1"]
[SourceVersionDate "2009.11.03"]
[SourceQuality "1"]

1. e4 e5 2. Nf3 Nc6 3. Bb5 a6 4. Ba4 Nf6 5. 0-0 b5 6. Bb3 Be7 7. Re1 d6 8. c3 0-0 9. h3 Na5 10. Bc2 c5 11. d4 cxd4 12. cxd4 Nc6 13. d5 Nb4 14. Bb3 a5 15. a4 Bd7 16. Nc3 Qb6 17. Bg5 Rfc8 18. Qe2 bxa4 19. Bxa4 Bxa4 20. Rxa4 Na6 21. Be3 Nc5 22. Rea1 Bd8 23. b4 Nxa4 24. Bxb6 Nxc3 25. Qe3 Bxb6 26. Qxb6 Nfxe4 27. Rxa5 Rab8 28. Qa6 Rd8 29. Qd3 Rxb4 30. Ra3 Rb1+ 31. Kh2 Rh1+ 0-1

[Event "ESP-ch 74th"]
[Site "Palma de Mallorca"]
[Date "2009.10.02"]
[Round "7"]
[White "Ruiz Vinals, Matias"]
[Black "Alemany Jara, Alejandro"]
[Result "0-1"]
[WhiteElo "2101"]
[BlackElo "1766"]
[PlyCount "54"]
[EventDate "2009.09.26"]
[EventType "swiss"]
[EventRounds "9"]
[EventCountry "ESP"]
[SourceTitle "CBM 132 Extra"]
[Source "ChessBase"]
[SourceDate "2009.11.03"]
[SourceVersion "1"]
[SourceVersionDate "2009.11.03"]
[SourceQuality "1"]

1. d4 Nf6 2. c4 g6 3. Nc3 Bg7 4. e4 d6 5. Nf3 0-0 6. Be2 e5 7. d5 Nbd7 8. Bg5 a5 9. Nd2 b6 10. a3 h6 11. Bh4 g5 12. Bg3 Nxe4 13. Ndxe4 f5 14. Bd3 f4 15. 0-0 Nc5 16. Nxc5 bxc5 17. f3 fxg3 18. hxg3 Bf5 19. Bxf5 Rxf5 20. Ne4 Rb8 21. Rb1 Qe8 22. Qd2 Qa4 23. Qd3 Rff8 24. Nc3 Qe8 25. Nb5 Rxb5 26. cxb5 e4 27. Qxe4 Bd4+ 0-1